LEADER 01002nam a2200253 i 4500 001 000000169393 003 CaOOAMICUS 005 20180530000000.0 008 180530s2018 it u000 u ita u 013 $a146796 020 $a978-88-922-1505-4 040 $aSeMil$bita 100 1 $aSapienza, Leonardo,$c.$0(OLS)http://semarc/name/39296 245 13$aLa barca di Paolo /$cLeonardo Sapienza. 260 $aCinisello Balsamo :$bSan Paolo,$c2018. 300 $a236 p. :$bill. ;$c23 cm. 490 0 $aI papi del terzo millennio 830 2$aI papi del terzo millennio.$0(OLS)http://semarc/title/400540 850 $aSeMil 852 $aSeMil$W1$xVenegono$y1$m3A III 227$j120331$B120331$CSeMilBibl$Z2$F131672 $81 961 $aOmaggio: Delpini mons. Mario 996 $6020$a978-88-922-1505-4$9(OLS)http://semarc/number/274151 996 $6245$aLa barca di Paolo$9(OLS)http://semarc/title/408897 996 $6260$aCinisello Balsamo :$bSan Paolo$9(OLS)http://semarc/publisher/30129 LEADER 01481nam a2200241 i 4500 001 000000025880 003 CaOOAMICUS 005 20260327084908.0 008 180830s1823 it u000 u ita u 040 $aSeMil$bita 100 1 $aAlgarotti, Francesco,$d<1712-1764>.$0(OLS)http://semarc/name/11506 245 10$aOpere scelte di Francesco Algarotti. Volume 1. [-3.]. 260 $aMilano :$bSoc. Tip. de' Classici italiani,$c1823. 300 $a3 v. ;$c8°. 490 1 $aEdizione delle opere classiche italiane del secolo 18. 710 2 $aSocietà Tipografica de' Classici Italiani$c.$0(OLS)http://semarc/name/558 774 0 $aAlgarotti, Francesco <1712-1764>$tVol. 1.$dMilano : Soc. Tip. de' Classici italiani, 1823.$kEdizione delle opere classiche italiane del secolo 18.$g1$w()208716 774 0 $aAlgarotti, Francesco <1712-1764>$tVol. 2.$dMilano : Soc. Tip. de' Classici italiani, 1823.$kEdizione delle opere classiche italiane del secolo 18.$g2$w()208723 774 0 $aAlgarotti, Francesco <1712-1764>$tVol. 3.$dMilano : Soc. Tip. de' Classici italiani, 1823.$kEdizione delle opere classiche italiane del secolo 18.$g3$w()208725 830 0$aEdizione delle opere classiche italiane del secolo 18.$0(OLS)http://semarc/title/12449 996 $6245$aOpere scelte di Francesco Algarotti. Volume 1. [-3.]$9(OLS)http://semarc/title/34873 996 $6260$aMilano :$bSoc. Tip. de' Classici italiani$9(OLS)http://semarc/publisher/31685